[Event "32. Copenhagen Open (Politiken Cup)"]
[Site "Elsinore"]
[Date "2010.08.07"]
[Round "9"]
[White "Christensen, Christoffer Ellegaa"]
[Black "Schmitt, Carsten"]
[Result "0-1"]
[WhiteElo "1771"]
[BlackElo "1933"]
[PlyCount "36"]
[EventDate "2010.07.31"]
[EventType "swiss"]
[EventRounds "10"]
[EventCountry "DEN"]
[Source "ChessBase"]
[SourceDate "2010.09.01"]

1. d4 d5 2. Nf3 Nf6 3. Bf4 c5 4. e3 Nc6 5. c3 Qb6 6. Qc1 Bf5 7. Nbd2 e6 8. Nh4
Be4 9. f3 Bg6 10. Nxg6 hxg6 11. Bd3 Nh5 12. Bg5 Ng3 13. Rg1 Nf5 14. Bf4 cxd4
15. exd4 Nfxd4 16. Be3 Nc2+ 17. Qxc2 Qxe3+ 18. Kf1 Bc5 0-1

[Event "32. Copenhagen Open (Politiken Cup)"]
[Site "Elsinore"]
[Date "2010.08.07"]
[Round "9"]
[White "Christensen, Esben"]
[Black "Moripen, Markus"]
[Result "1/2-1/2"]
[WhiteElo "2098"]
[BlackElo "1953"]
[PlyCount "123"]
[EventDate "2010.07.31"]
[EventType "swiss"]
[EventRounds "10"]
[EventCountry "DEN"]
[Source "ChessBase"]
[SourceDate "2010.09.01"]

1. e4 c5 2. Nf3 d6 3. d4 cxd4 4. Nxd4 Nf6 5. Nc3 a6 6. a4 e5 7. Nb3 Be7 8. Be2
O-O 9. O-O Be6 10. Bg5 Nbd7 11. Qd2 h6 12. Bxf6 Nxf6 13. Rfd1 Rc8 14. Nc1 Qb6
15. Nd3 a5 16. Rab1 Qd4 17. Bf3 Bd7 18. Ra1 d5 19. Ne2 Qb6 20. Nxe5 dxe4 21.
Nxd7 Nxd7 22. Bxe4 Nf6 23. Bd3 Bc5 24. Ng3 Rcd8 25. h3 Rfe8 26. c3 Rd7 27. Qc2
Red8 28. Nh1 g6 29. Rab1 Kg7 30. Bb5 Rxd1+ 31. Rxd1 Rxd1+ 32. Qxd1 Qc7 33. Qf3
b6 34. Ng3 Qe5 35. Kf1 Qg5 36. Qd1 Qf4 37. Qe1 h5 38. Ne2 Qd6 39. Nc1 Qh2 40.
Bc6 Qd6 41. Bf3 Qf4 42. b3 Qd6 43. Kg1 Nd7 44. Qe2 Ne5 45. Be4 f5 46. Bc2 Kf6
47. Kh1 Ba3 48. Qe1 f4 49. Be4 g5 50. Ne2 Bc5 51. h4 Ng4 52. hxg5+ Kxg5 53. f3
Nf2+ 54. Kh2 Qe5 55. Bc2 Qe3 56. b4 axb4 57. cxb4 Bxb4 58. Qxb4 Qxe2 59. Qb5+
Qxb5 60. axb5 Kh4 61. Kg1 Kg3 62. Kf1 1/2-1/2

[Event "32. Copenhagen Open (Politiken Cup)"]
[Site "Elsinore"]
[Date "2010.08.07"]
[Round "9"]
[White "Christensen, Simon Ellegaard"]
[Black "Greeuw, Sietske"]
[Result "0-1"]
[WhiteElo "1829"]
[BlackElo "1970"]
[PlyCount "108"]
[EventDate "2010.07.31"]
[EventType "swiss"]
[EventRounds "10"]
[EventCountry "DEN"]
[Source "ChessBase"]
[SourceDate "2010.09.01"]

1. d4 Nf6 2. Nf3 c5 3. c4 cxd4 4. Nxd4 Nc6 5. Nc3 g6 6. e4 Nxd4 7. Qxd4 Bg7 8.
Be3 O-O 9. Qd2 d6 10. f3 Be6 11. Be2 Qa5 12. O-O Rfc8 13. b3 a6 14. Rac1 b5 15.
Nb1 b4 16. a3 Rab8 17. axb4 Qxb4 18. Qxb4 Rxb4 19. Bd1 Nd7 20. Bd2 Rb7 21. Bc3
Ne5 22. Nd2 Nd3 23. Rc2 Bh6 24. Ra2 Be3+ 25. Kh1 Nf2+ 26. Rxf2 Bxf2 27. Rxa6
Be1 28. Ra2 h5 29. Rb2 Bxc4 30. Nxc4 Bxc3 31. Ra2 Rxc4 32. bxc4 Rb1 33. g3
Rxd1+ 34. Kg2 Rd2+ 35. Rxd2 Bxd2 36. Kf2 Bb4 37. h3 Kg7 38. g4 hxg4 39. hxg4
Kf6 40. f4 g5 41. f5 Ke5 42. Kf3 Bc5 43. Kg3 Kxe4 44. Kg2 Kf4 45. Kh3 Bd4 46.
f6 Bxf6 47. Kh2 Kxg4 48. Kg2 Bd4 49. Kh1 Kf3 50. Kh2 g4 51. Kh1 g3 52. c5 g2+
53. Kh2 g1=Q+ 54. Kh3 Qg3# 0-1

[Event "32. Copenhagen Open (Politiken Cup)"]
[Site "Elsinore"]
[Date "2010.08.07"]
[Round "9"]
[White "Christensen, Svend Ellegaard"]
[Black "Hillarp Persson, Tiger"]
[Result "0-1"]
[WhiteElo "2226"]
[BlackElo "2538"]
[PlyCount "86"]
[EventDate "2010.07.31"]
[EventType "swiss"]
[EventRounds "10"]
[EventCountry "DEN"]
[Source "ChessBase"]
[SourceDate "2010.09.01"]

1. d4 g6 2. Nf3 Bg7 3. Bf4 d6 4. e3 Nd7 5. c3 e5 6. Bg3 Nh6 7. Bh4 f6 8. dxe5
dxe5 9. e4 O-O 10. Bc4+ Kh8 11. O-O a5 12. Qc2 Nc5 13. Rd1 Qe8 14. b4 Ne6 15.
Nbd2 Nf7 16. Ne1 Nd6 17. Bf1 Qc6 18. a4 Bh6 19. b5 Qe8 20. Nc4 Nxc4 21. Bxc4
Nc5 22. f3 Be6 23. Bxe6 Be3+ 24. Bf2 Bxf2+ 25. Qxf2 Nxe6 26. Nc2 Qf7 27. Ne3
Rad8 28. Qa2 Kg7 29. Nc4 Nc5 30. Rxd8 Rxd8 31. Nxa5 Qxa2 32. Rxa2 Ra8 33. Nxb7
Nxb7 34. Rd2 Nc5 35. Rd5 Ne6 36. c4 Rxa4 37. c5 Rb4 38. c6 Kh6 39. g3 Nd4 40.
f4 Rxb5 41. fxe5 fxe5 42. Kf2 Rxd5 43. exd5 Nf5 0-1

[Event "32. Copenhagen Open (Politiken Cup)"]
[Site "Elsinore"]
[Date "2010.08.07"]
[Round "9"]
[White "Christiansen, Jens Jorgen"]
[Black "Knudsen, Jes West"]
[Result "1/2-1/2"]
[WhiteElo "2156"]
[BlackElo "1985"]
[PlyCount "52"]
[EventDate "2010.07.31"]
[EventType "swiss"]
[EventRounds "10"]
[EventCountry "DEN"]
[Source "ChessBase"]
[SourceDate "2010.09.01"]

1. d4 f5 2. g3 g6 3. Bg2 Nf6 4. Nh3 Nc6 5. d5 Ne5 6. O-O Bg7 7. Nd2 O-O 8. Nf3
Nxf3+ 9. Bxf3 e5 10. dxe6 dxe6 11. Qxd8 Rxd8 12. Bf4 Nd5 13. Rfd1 Re8 14. c3
Nxf4 15. gxf4 Bf6 16. e3 a5 17. Rd2 Ra6 18. Rad1 a4 19. a3 Rb6 20. Be2 h6 21.
Bc4 Kg7 22. f3 Be7 23. Kg2 g5 24. fxg5 hxg5 25. f4 g4 26. Nf2 Bd6 1/2-1/2

[Event "32. Copenhagen Open (Politiken Cup)"]
[Site "Elsinore"]
[Date "2010.08.07"]
[Round "9"]
[White "Czarnota, Dorota"]
[Black "Jensen, Michael Agermose"]
[Result "1/2-1/2"]
[WhiteElo "2214"]
[BlackElo "2084"]
[PlyCount "46"]
[EventDate "2010.07.31"]
[EventType "swiss"]
[EventRounds "10"]
[EventCountry "DEN"]
[Source "ChessBase"]
[SourceDate "2010.09.01"]

1. d4 g6 2. Nf3 Bg7 3. c4 d6 4. g3 f5 5. Bg2 Nf6 6. b4 c5 7. O-O cxb4 8. Qa4+
Bd7 9. Qxb4 Nc6 10. Qb3 Na5 11. Qd3 Rc8 12. Na3 O-O 13. Bb2 Nc6 14. Rfd1 Qa5
15. Qb3 Ne4 16. Qxb7 Rc7 17. Qb5 Rb8 18. Qxa5 Nxa5 19. Rab1 Rcb7 20. Ba1 Rxb1
21. Rxb1 Rxb1+ 22. Nxb1 Nxc4 23. Nc3 Nxc3 1/2-1/2

[Event "32. Copenhagen Open (Politiken Cup)"]
[Site "Elsinore"]
[Date "2010.08.07"]
[Round "9"]
[White "Frisvold, Ole Emil"]
[Black "Hansen, Morten Moller"]
[Result "1/2-1/2"]
[WhiteElo "1871"]
[BlackElo "2154"]
[PlyCount "91"]
[EventDate "2010.07.31"]
[EventType "swiss"]
[EventRounds "10"]
[EventCountry "DEN"]
[Source "ChessBase"]
[SourceDate "2010.09.01"]

1. d4 d5 2. c4 e6 3. Nf3 c6 4. e3 f5 5. Bd3 Nf6 6. O-O Bd6 7. b3 O-O 8. Ba3 Ne4
9. Bxd6 Qxd6 10. Ne5 Nd7 11. Nxd7 Bxd7 12. Nd2 e5 13. dxe5 Qxe5 14. cxd5 cxd5
15. Nf3 Qd6 16. Rc1 Rf6 17. Qc2 b5 18. Qc7 b4 19. Bxe4 fxe4 20. Qxd6 Rxd6 21.
Nd4 a5 22. Rc5 a4 23. Nb5 Ra5 24. bxa4 Bxb5 25. Rxb5 Rxb5 26. axb5 Rb6 27. Rb1
Rxb5 28. g3 Kf7 29. a4 Rb8 30. a5 Ke6 31. a6 Kd6 32. a7 Ra8 33. Rxb4 Rxa7 34.
Kg2 Kc5 35. Rd4 g5 36. h3 h5 37. Rd2 g4 38. Rc2+ Kd6 39. h4 Ra4 40. Rc8 d4 41.
exd4 Rxd4 42. Rd8+ Kc5 43. Rc8+ Kd6 44. Rd8+ Kc5 45. Rc8+ Kd6 46. Rd8+ 1/2-1/2

[Event "32. Copenhagen Open (Politiken Cup)"]
[Site "Elsinore"]
[Date "2010.08.07"]
[Round "9"]
[White "Gundersen, Ingvar"]
[Black "Meier, Lars"]
[Result "0-1"]
[WhiteElo "1779"]
[BlackElo "1934"]
[PlyCount "50"]
[EventDate "2010.07.31"]
[EventType "swiss"]
[EventRounds "10"]
[EventCountry "DEN"]
[Source "ChessBase"]
[SourceDate "2010.09.01"]

1. b3 d5 2. f4 f5 3. Nf3 e6 4. Bb2 Nf6 5. d3 Bd6 6. Nbd2 Bxf4 7. e4 O-O 8. Qe2
Nc6 9. g3 Bh6 10. h3 Nb4 11. O-O-O fxe4 12. dxe4 Nxe4 13. Kb1 Nxg3 14. Qg2 Nxh1
15. Qxh1 Qe8 16. a3 Nc6 17. h4 Qh5 18. Bd3 e5 19. Nxe5 Nxe5 20. Qxd5+ Kh8 21.
Re1 Be6 22. Qxe5 Qxe5 23. Rxe5 Bxd2 24. Re2 Bf4 25. Rxe6 Rae8 0-1

[Event "32. Copenhagen Open (Politiken Cup)"]
[Site "Elsinore"]
[Date "2010.08.07"]
[Round "9"]
[White "Halldorsson, Bragi"]
[Black "Mercant Simon, Jaume"]
[Result "0-1"]
[WhiteElo "2253"]
[BlackElo "2100"]
[PlyCount "112"]
[EventDate "2010.07.31"]
[EventType "swiss"]
[EventRounds "10"]
[EventCountry "DEN"]
[Source "ChessBase"]
[SourceDate "2010.09.01"]

1. d4 e6 2. c4 f5 3. g3 Nf6 4. Bg2 d5 5. Nf3 c6 6. O-O Bd6 7. b3 Qe7 8. Qc2 O-O
9. Ne1 Bd7 10. Nd3 Be8 11. Bf4 Bxf4 12. Nxf4 g5 13. Nd3 Nbd7 14. Nd2 Bg6 15.
Nf3 h6 16. Nfe5 Bh7 17. f4 g4 18. Rac1 h5 19. e3 Kg7 20. Rfd1 Bg6 21. Qc3 Nxe5
22. fxe5 Ne4 23. Bxe4 fxe4 24. Nf4 Rh8 25. cxd5 exd5 26. Qc5 Qxc5 27. Rxc5 h4
28. b4 hxg3 29. hxg3 Rh6 30. b5 Rah8 31. Rdc1 Be8 32. bxc6 Bxc6 33. R1c2 Rh1+
34. Kf2 R8h2+ 35. Ng2 Ra1 36. Rc1 Rxa2+ 37. R5c2 Rxc2+ 38. Rxc2 a5 39. Kg1 Rh3
40. Kf2 Kf7 41. Rc5 a4 42. Nf4 Rh2+ 43. Kg1 Rb2 44. Ra5 b5 45. Ra6 Rc2 46. Ra7+
Ke8 47. e6 b4 48. Nh5 Kd8 49. Nf6 b3 50. e7+ Kc8 51. Ra6 b2 52. Rxc6+ Kb7 53.
Rxc2 b1=Q+ 54. Kf2 Qxc2+ 55. Ke1 Qb1+ 56. Kd2 Qb4+ 0-1

[Event "32. Copenhagen Open (Politiken Cup)"]
[Site "Elsinore"]
[Date "2010.08.07"]
[Round "9"]
[White "Hansen, Erik Friberg"]
[Black "Asmund, Erik"]
[Result "1/2-1/2"]
[WhiteElo "1558"]
[BlackElo "1778"]
[PlyCount "36"]
[EventDate "2010.07.31"]
[EventType "swiss"]
[EventRounds "10"]
[EventCountry "DEN"]
[Source "ChessBase"]
[SourceDate "2010.09.01"]

1. d4 Nf6 2. Nf3 g6 3. c4 Bg7 4. Nc3 d6 5. e4 O-O 6. Be2 Nbd7 7. O-O c6 8. h3
e5 9. d5 Nc5 10. Qc2 Qc7 11. Be3 Ncd7 12. Bd3 Rd8 13. a3 Nc5 14. Bxc5 dxc5 15.
dxc6 bxc6 16. Rfd1 Nh5 17. Be2 Rxd1+ 18. Rxd1 Nf4 1/2-1/2

[Event "32. Copenhagen Open (Politiken Cup)"]
[Site "Elsinore"]
[Date "2010.08.07"]
[Round "9"]
[White "Hansen, Rene Rauer"]
[Black "Rasmussen, Morten(1956)"]
[Result "1/2-1/2"]
[WhiteElo "2028"]
[BlackElo "1869"]
[PlyCount "52"]
[EventDate "2010.07.31"]
[EventType "swiss"]
[EventRounds "10"]
[EventCountry "DEN"]
[Source "ChessBase"]
[SourceDate "2010.09.01"]

1. c4 e5 2. Nc3 d6 3. g3 g6 4. Bg2 Bg7 5. Nf3 Nc6 6. e3 Be6 7. d3 h6 8. a3 Qd7
9. Qc2 Nf6 10. Bd2 Bh3 11. Bxh3 Qxh3 12. Nd5 Qg2 13. Nxf6+ Bxf6 14. Ke2 Qh3 15.
Bc3 Qe6 16. Nd2 O-O 17. f3 Bg7 18. Rab1 Rfd8 19. Kf2 d5 20. b3 d4 21. exd4 Nxd4
22. Bxd4 Rxd4 23. Ne4 Rad8 24. Rbd1 Qd7 25. Ke2 Kh8 26. Nf2 Kg8 1/2-1/2

[Event "32. Copenhagen Open (Politiken Cup)"]
[Site "Elsinore"]
[Date "2010.08.07"]
[Round "9"]
[White "Heggum, Tore"]
[Black "Larsen, Eigil"]
[Result "1/2-1/2"]
[WhiteElo "1689"]
[BlackElo "1813"]
[PlyCount "71"]
[EventDate "2010.07.31"]
[EventType "swiss"]
[EventRounds "10"]
[EventCountry "DEN"]
[Source "ChessBase"]
[SourceDate "2010.09.01"]

1. e4 c6 2. d4 d5 3. e5 Bf5 4. Nf3 e6 5. Be2 c5 6. Be3 Qb6 7. b3 Nc6 8. c3 Bg6
9. O-O cxd4 10. Bxd4 Nxd4 11. Nxd4 Ne7 12. Bb5+ Nc6 13. Nxc6 Qxb5 14. Nd4 Qd7
15. Nd2 Bc5 16. Rc1 Ba3 17. Ra1 Bb2 18. Qe2 Bxa1 19. Rxa1 a6 20. Rd1 O-O 21. c4
Rad8 22. c5 Rc8 23. Rc1 Rc7 24. Qe3 Re8 25. f4 Rec8 26. b4 Qa4 27. Qb3 Qxb3 28.
N2xb3 Bd3 29. a4 b6 30. c6 Kf8 31. Kf2 Ke7 32. Nd2 f6 33. exf6+ Kxf6 34. N4f3
Be4 35. Ne5 Ke7 36. Ke3 1/2-1/2

[Event "32. Copenhagen Open (Politiken Cup)"]
[Site "Elsinore"]
[Date "2010.08.07"]
[Round "9"]
[White "Hjornevik, Knut Jarle"]
[Black "Haubro, Sigfred"]
[Result "0-1"]
[WhiteElo "1981"]
[BlackElo "2166"]
[PlyCount "92"]
[EventDate "2010.07.31"]
[EventType "swiss"]
[EventRounds "10"]
[EventCountry "DEN"]
[Source "ChessBase"]
[SourceDate "2010.09.01"]

1. d4 d5 2. e4 dxe4 3. Nc3 Nf6 4. f3 e3 5. Bd3 Nc6 6. Bxe3 e6 7. Nge2 Nb4 8.
Bc4 Nbd5 9. Bg5 Be7 10. O-O O-O 11. Qd2 b6 12. a3 Bb7 13. Rae1 Rc8 14. Nxd5
Nxd5 15. Bxe7 Nxe7 16. Bd3 c5 17. c3 Ng6 18. Rd1 Qe7 19. Bb1 Rcd8 20. Qc2 Ba6
21. Rfe1 Bxe2 22. Rxe2 cxd4 23. cxd4 Qf6 24. Red2 Rd5 25. Ba2 Rg5 26. d5 exd5
27. Bxd5 Qf4 28. Qe4 h5 29. Qxf4 Nxf4 30. Be4 g6 31. h4 Rb5 32. b4 a5 33. Bc6
Re5 34. Kf2 Kg7 35. g3 Ne6 36. f4 Rf5 37. Be4 Rf6 38. Rd6 axb4 39. axb4 b5 40.
Rb6 Re8 41. Kf3 Rc8 42. Rxb5 Rc3+ 43. Kg2 Nxf4+ 44. Kh2 Ne2 45. Bd3 Rf2+ 46.
Kh3 Rxd3 0-1

[Event "32. Copenhagen Open (Politiken Cup)"]
[Site "Elsinore"]
[Date "2010.08.07"]
[Round "9"]
[White "Hobber, Anders"]
[Black "Christensen, Bo Garner"]
[Result "1-0"]
[WhiteElo "2135"]
[BlackElo "2288"]
[PlyCount "47"]
[EventDate "2010.07.31"]
[EventType "swiss"]
[EventRounds "10"]
[EventCountry "DEN"]
[Source "ChessBase"]
[SourceDate "2010.09.01"]

1. d4 c5 2. c3 Nf6 3. Nf3 b6 4. g3 Bb7 5. Bg2 d6 6. O-O Nbd7 7. Re1 g6 8. Nbd2
Bg7 9. e4 cxd4 10. cxd4 O-O 11. b3 b5 12. Bb2 Qb6 13. a4 a6 14. a5 Qa7 15. b4
Rad8 16. Qb3 e5 17. Rad1 Qa8 18. dxe5 Nxe4 19. Nxe4 Bxe4 20. e6 Bxb2 21. e7 Ne5
22. exd8=Q Rxd8 23. Nxe5 Bxg2 24. Nxf7 1-0

[Event "32. Copenhagen Open (Politiken Cup)"]
[Site "Elsinore"]
[Date "2010.08.07"]
[Round "9"]
[White "Holst, Conny"]
[Black "Christensen, Klaus"]
[Result "1-0"]
[WhiteElo "2185"]
[BlackElo "2009"]
[PlyCount "71"]
[EventDate "2010.07.31"]
[EventType "swiss"]
[EventRounds "10"]
[EventCountry "DEN"]
[Source "ChessBase"]
[SourceDate "2010.09.01"]

1. d4 d5 2. c4 c6 3. Nf3 Nf6 4. Nc3 dxc4 5. a4 Bf5 6. e3 e6 7. Bxc4 Bb4 8. O-O
O-O 9. Nh4 Bg4 10. f3 Bh5 11. g4 Bg6 12. Nxg6 hxg6 13. e4 Re8 14. Be3 Qa5 15.
Qb3 Bxc3 16. bxc3 Qc7 17. g5 Nh7 18. f4 Nd7 19. f5 Ndf8 20. fxg6 Nxg6 21. Ra2
Qe7 22. Rg2 b5 23. axb5 Rab8 24. Qd1 cxb5 25. Bb3 Rbc8 26. Bd2 a5 27. Be1 a4
28. Ba2 Qa7 29. Kh1 Rcd8 30. h4 b4 31. h5 Ngf8 32. g6 fxg6 33. hxg6 Nf6 34. e5
Nd5 35. Qh5 Nxg6 36. Qxg6 1-0

[Event "32. Copenhagen Open (Politiken Cup)"]
[Site "Elsinore"]
[Date "2010.08.07"]
[Round "9"]
[White "Hornsgaard, Jens Boe"]
[Black "Nielsen, Jens Holm"]
[Result "1-0"]
[WhiteElo "2044"]
[BlackElo "1901"]
[PlyCount "69"]
[EventDate "2010.07.31"]
[EventType "swiss"]
[EventRounds "10"]
[EventCountry "DEN"]
[Source "ChessBase"]
[SourceDate "2010.09.01"]

1. d4 d5 2. c4 c6 3. Nf3 g6 4. Nc3 Bg7 5. cxd5 cxd5 6. Bf4 Nc6 7. e3 Nf6 8. h3
O-O 9. Bd3 b6 10. O-O Bb7 11. Rc1 Rc8 12. Qe2 e6 13. a3 Ne8 14. h4 h6 15. g4 f5
16. g5 h5 17. b4 Nd6 18. Rc2 Ne4 19. Rfc1 Rf7 20. Nb5 Bf8 21. Nc7 Re7 22. Ba6
Bxa6 23. Nxa6 Qd7 24. b5 Nxd4 25. exd4 Rxc2 26. Rxc2 e5 27. Nxe5 Rxe5 28. dxe5
d4 29. Qc4+ Kh8 30. e6 Qe7 31. Qxd4+ Kg8 32. Qd7 Qxa3 33. Qf7+ Kh8 34. Be5+ Bg7
35. Qxg7# 1-0

[Event "32. Copenhagen Open (Politiken Cup)"]
[Site "Elsinore"]
[Date "2010.08.07"]
[Round "9"]
[White "Jacobsen, Fredrik Beer"]
[Black "Andersson, Christin"]
[Result "1-0"]
[WhiteElo "1955"]
[BlackElo "2129"]
[PlyCount "77"]
[EventDate "2010.07.31"]
[EventType "swiss"]
[EventRounds "10"]
[EventCountry "DEN"]
[Source "ChessBase"]
[SourceDate "2010.09.01"]

1. d4 d5 2. c4 c6 3. Nf3 Nf6 4. e3 e6 5. b3 Bd6 6. Bb2 O-O 7. Bd3 Nbd7 8. Ne5
Nxe5 9. dxe5 Bb4+ 10. Nd2 dxc4 11. exf6 Qxd3 12. a3 Bxd2+ 13. Qxd2 Qxd2+ 14.
Kxd2 gxf6 15. Bxf6 cxb3 16. Rab1 h5 17. Rxb3 Kh7 18. e4 Rg8 19. Rg1 c5 20. e5
b6 21. Rh3 Bb7 22. g4 h4 23. Rxh4+ Kg6 24. Rg3 Rad8+ 25. Kc1 Bg2 26. Rxg2 Rd3
27. Rg3 Rxg3 28. fxg3 b5 29. Rh8 Rxh8 30. Bxh8 a5 31. Kb2 Kg5 32. h3 f5 33.
exf6 Kg6 34. h4 Kf7 35. h5 e5 36. g5 e4 37. g6+ Kg8 38. f7+ Kf8 39. Be5 1-0

[Event "32. Copenhagen Open (Politiken Cup)"]
[Site "Elsinore"]
[Date "2010.08.07"]
[Round "9"]
[White "Jacobsen, Heidrikur Tindskar"]
[Black "Harstad, Christian"]
[Result "1/2-1/2"]
[WhiteElo "1993"]
[BlackElo "2044"]
[PlyCount "45"]
[EventDate "2010.07.31"]
[EventType "swiss"]
[EventRounds "10"]
[EventCountry "DEN"]
[Source "ChessBase"]
[SourceDate "2010.09.01"]

1. e4 e5 2. Nc3 Nf6 3. Bc4 Nc6 4. d3 Bb4 5. f4 d5 6. exd5 Nxd5 7. Nge2 exf4 8.
Bxf4 Nxf4 9. Nxf4 Qh4+ 10. g3 Qe7+ 11. Qe2 Qxe2+ 12. Nfxe2 Ne5 13. Bd5 c6 14.
Bg2 O-O 15. a3 Ba5 16. b4 Bb6 17. d4 Nc4 18. Kf2 Rd8 19. Rhd1 Bf5 20. Be4 Nd6
21. Kf3 Re8 22. Bxf5 Nxf5 23. Rd3 1/2-1/2

[Event "32. Copenhagen Open (Politiken Cup)"]
[Site "Elsinore"]
[Date "2010.08.07"]
[Round "9"]
[White "Johansen, Johnny Holler"]
[Black "Boje, Tobias Rosholm"]
[Result "0-1"]
[WhiteElo "1918"]
[BlackElo "2028"]
[PlyCount "108"]
[EventDate "2010.07.31"]
[EventType "swiss"]
[EventRounds "10"]
[EventCountry "DEN"]
[Source "ChessBase"]
[SourceDate "2010.09.01"]

1. d4 d5 2. Nf3 Nf6 3. c4 e6 4. Nc3 Be7 5. Bg5 Nbd7 6. e3 O-O 7. Qc2 a6 8. cxd5
exd5 9. Bd3 c6 10. O-O Re8 11. Rac1 Nf8 12. Ne5 g6 13. a3 Ne6 14. Bh4 Ng7 15.
Qe2 Bf5 16. Bxf6 Bxf6 17. Ng4 Bxd4 18. Nh6+ Kf8 19. Nxf5 gxf5 20. Qf3 Bxc3 21.
Rxc3 Qf6 22. Qf4 Re7 23. Kh1 Rae8 24. g4 Re5 25. Rg1 Qh4 26. Qf3 R8e6 27. gxf5
Rh6 28. Qg2 Qf6 29. Rb3 b5 30. Rb4 Rh5 31. Rg4 Nxf5 32. Rg8+ Ke7 33. Ra8 Qg6
34. Qxg6 hxg6 35. Rxa6 Re6 36. Bxf5 Rxf5 37. Kg2 Ref6 38. f4 Kd6 39. Rc1 Kc7
40. Ra7+ Kb6 41. Ra8 d4 42. exd4 Rxf4 43. d5 Rf2+ 44. Kg1 Rxb2 45. dxc6 Rxc6
46. Rxc6+ Kxc6 47. Ra7 Ra2 48. Rxf7 Rxa3 49. Rf6+ Kc5 50. Rxg6 b4 51. Rg8 b3
52. Kf2 Kc4 53. Rc8+ Kd3 54. Kf3 b2 0-1

[Event "32. Copenhagen Open (Politiken Cup)"]
[Site "Elsinore"]
[Date "2010.08.07"]
[Round "9"]
[White "Jonsson, Lennart"]
[Black "Carlstedt, Jonathan"]
[Result "0-1"]
[WhiteElo "2105"]
[BlackElo "2379"]
[PlyCount "62"]
[EventDate "2010.07.31"]
[EventType "swiss"]
[EventRounds "10"]
[EventCountry "DEN"]
[Source "ChessBase"]
[SourceDate "2010.09.01"]

1. c4 e6 2. Nc3 d5 3. e3 c5 4. d4 Nf6 5. Nf3 Nc6 6. Be2 cxd4 7. exd4 g6 8. O-O
Bg7 9. Be3 O-O 10. Qc2 dxc4 11. Bxc4 Ng4 12. Rad1 Nxe3 13. fxe3 Bd7 14. a3 Rc8
15. Ba2 Qa5 16. Qf2 Ne7 17. Kh1 Qh5 18. Rg1 Bc6 19. e4 Rcd8 20. g4 Qh6 21. Qg3
g5 22. d5 Bd7 23. h4 Ng6 24. h5 Nf4 25. Rgf1 exd5 26. exd5 Rde8 27. Nxg5 Be5
28. Qh4 Bf6 29. Nxf7 Rxf7 30. Qf2 Bxc3 31. bxc3 Re2 0-1

[Event "32. Copenhagen Open (Politiken Cup)"]
[Site "Elsinore"]
[Date "2010.08.07"]
[Round "9"]
[White "Jorgensen, Carina Eilegaard"]
[Black "Eisele, Per"]
[Result "0-1"]
[WhiteElo "2038"]
[BlackElo "1804"]
[PlyCount "114"]
[EventDate "2010.07.31"]
[EventType "swiss"]
[EventRounds "10"]
[EventCountry "DEN"]
[Source "ChessBase"]
[SourceDate "2010.09.01"]

1. d4 Nc6 2. Nf3 Nf6 3. c4 e6 4. Bg5 h6 5. Bh4 Bb4+ 6. Nbd2 g5 7. d5 exd5 8.
cxd5 Nxd5 9. Qb3 Nf6 10. Bg3 g4 11. Ne5 Qe7 12. Nxc6 Bxd2+ 13. Kxd2 dxc6 14.
Rd1 Ne4+ 15. Kc1 Qc5+ 16. Qc2 Qxc2+ 17. Kxc2 Bf5 18. Kc1 Nxg3 19. hxg3 Rd8 20.
Rxd8+ Kxd8 21. Rh5 Bg6 22. Ra5 a6 23. e3 Ke7 24. Ra4 h5 25. Rb4 Rb8 26. Bxa6 b5
27. Rb3 Rb6 28. Ra3 Be4 29. f3 gxf3 30. gxf3 Bxf3 31. Bc8 Bg4 32. Bxg4 hxg4 33.
Rc3 Kd6 34. Kd2 c5 35. Rd3+ Ke5 36. Ke2 Rd6 37. Ra3 b4 38. Ra5 Kd5 39. Ra7 Rh6
40. b3 Rc6 41. Ra5 Ke4 42. Ra8 Rh6 43. Re8+ Kd5 44. Rd8+ Kc6 45. e4 Rh2+ 46.
Ke3 Rxa2 47. Kf4 Ra3 48. Rd3 c4 49. Rd4 cxb3 50. Rxb4 Kd6 51. Kf5 c5 52. e5+
Kc6 53. Rb8 c4 54. Rc8+ Kd5 55. Rd8+ Kc5 56. Rc8+ Kd4 57. Kf6 Ra7 0-1

[Event "32. Copenhagen Open (Politiken Cup)"]
[Site "Elsinore"]
[Date "2010.08.07"]
[Round "9"]
[White "Jorgensen, Dennis"]
[Black "Brynell, Stellan"]
[Result "0-1"]
[WhiteElo "2216"]
[BlackElo "2495"]
[PlyCount "84"]
[EventDate "2010.07.31"]
[EventType "swiss"]
[EventRounds "10"]
[EventCountry "DEN"]
[Source "ChessBase"]
[SourceDate "2010.09.01"]

1. Nf3 Nf6 2. d4 e6 3. g3 c5 4. Bg2 cxd4 5. O-O Nc6 6. Nxd4 Qb6 7. Nb3 d5 8.
Be3 Qa6 9. Nc3 Bb4 10. Nc5 Qa5 11. Nb3 Qd8 12. Bc5 Bxc5 13. Nxc5 O-O 14. e3 b6
15. Nb3 Ba6 16. Re1 Rc8 17. a4 Bc4 18. Nd2 Na5 19. Nxc4 Nxc4 20. Qc1 Qe7 21. b3
Na5 22. Qb2 Qc7 23. Nb5 Qxc2 24. Qxc2 Rxc2 25. Nxa7 Nxb3 26. Rab1 Nc5 27. Rxb6
Nxa4 28. Rb7 g6 29. Ra1 Nc3 30. Bf1 Ra8 31. Bd3 Rd2 32. Bf1 Nd1 33. Rc1 Ne8 34.
Nc6 Nxf2 35. Ne5 Nd6 36. Rd7 Nfe4 37. Bg2 Raa2 38. Bxe4 dxe4 39. Ng4 Kg7 40.
Rf1 Rg2+ 41. Kh1 Nf5 42. Rb1 h5 0-1

[Event "32. Copenhagen Open (Politiken Cup)"]
[Site "Elsinore"]
[Date "2010.08.07"]
[Round "9"]
[White "Jorgensen, Michael"]
[Black "Aagaard, Jacob"]
[Result "0-1"]
[WhiteElo "2230"]
[BlackElo "2542"]
[PlyCount "70"]
[EventDate "2010.07.31"]
[EventType "swiss"]
[EventRounds "10"]
[EventCountry "DEN"]
[Source "ChessBase"]
[SourceDate "2010.09.01"]

1. d4 Nf6 2. c4 e6 3. Nf3 c5 4. d5 d6 5. Nc3 exd5 6. cxd5 g6 7. Nd2 Bg7 8. e4
O-O 9. Be2 a6 10. a4 Nbd7 11. O-O Rb8 12. h3 Ne8 13. Nc4 Qh4 14. a5 Ne5 15.
Nxe5 Bxe5 16. f4 Bd4+ 17. Kh2 Ng7 18. Ra4 f5 19. Rxd4 cxd4 20. Qxd4 fxe4 21.
Nxe4 Nf5 22. Qc3 Bd7 23. g3 Qe7 24. Bd3 Rbc8 25. Qe1 Bb5 26. Bxb5 Rc2+ 27. Nf2
Qxe1 28. Rxe1 axb5 29. Kg2 Rfc8 30. g4 Rxc1 31. Re6 Nd4 32. Re4 R1c4 33. Kg3
Kf7 34. Re3 Re8 35. Ne4 Nf5+ 0-1

[Event "32. Copenhagen Open (Politiken Cup)"]
[Site "Elsinore"]
[Date "2010.08.07"]
[Round "9"]
[White "Jorgensen, Rasmus"]
[Black "Nielsen, Aage Sondergaard"]
[Result "1-0"]
[WhiteElo "2098"]
[BlackElo "1944"]
[PlyCount "101"]
[EventDate "2010.07.31"]
[EventType "swiss"]
[EventRounds "10"]
[EventCountry "DEN"]
[Source "ChessBase"]
[SourceDate "2010.09.01"]

1. e4 e5 2. Nf3 Nc6 3. d4 exd4 4. Nxd4 Bc5 5. Be3 Qf6 6. Nb5 Bxe3 7. fxe3 Qd8
8. Qg4 Nf6 9. Qxg7 Rg8 10. Qh6 Rg6 11. Qf4 d6 12. N1c3 a6 13. Nd4 Rg4 14. Nxc6
Rxf4 15. Nxd8 Rh4 16. g3 Rh6 17. Nxf7 Kxf7 18. Nd5 c6 19. Nb6 Rb8 20. Nxc8 Rxc8
21. Bc4+ Ke7 22. O-O b5 23. Bb3 Nxe4 24. Rf7+ Ke8 25. Raf1 Rd8 26. Ra7 d5 27.
Rff7 Rdd6 28. Rxh7 Rxh7 29. Rxh7 Rf6 30. Ra7 Rf3 31. Rxa6 Kd7 32. a4 Nc5 33.
Ra7+ Kd6 34. axb5 cxb5 35. Ba2 Rxe3 36. Rh7 Re1+ 37. Kf2 Re5 38. Rh6+ Ne6 39.
h4 b4 40. g4 Kc5 41. Rh5 Kd4 42. Rxe5 Kxe5 43. Kg3 Nd4 44. h5 Nxc2 45. h6 Kf6
46. Bxd5 Ne3 47. g5+ Kg6 48. Be4+ Kf7 49. Kf4 Nd1 50. Ke5 Nxb2 51. g6+ 1-0